| 000 | 00950nam a2200265 a 4500 | ||
|---|---|---|---|
| 999 |
_c5261 _d5261 |
||
| 001 | 149 | ||
| 003 | BD-DhUAP | ||
| 005 | 20201206120718.0 | ||
| 008 | 201206s1992 nyua bf 000 0 eng d | ||
| 010 | _a 87205696 | ||
| 020 | _a3527273611 (Weinheim) | ||
| 020 | _a0895736659 (New York) | ||
| 040 |
_aUkHaCR _cDLC _dBD-DhUAP _beng |
||
| 082 |
_223 _a612.907 THI |
||
| 245 | 0 | 0 | _aThin-layer chromatographic Rf values of toxicologically relevant substances on standardized systems. |
| 250 | _a2nd rev. & enl. ed. | ||
| 260 |
_aNew York : _bVCH, _cc1992. |
||
| 300 |
_avi, 308 pages : _billustrations ; _c24 cm. |
||
| 500 | _aAt head of title: Deutsche Forschungsgemeinschaft. | ||
| 650 | 0 |
_aPoisons _xAnalysis _xHandbooks, manuals, etc. |
|
| 650 | 0 |
_aThin layer chromatography _xHandbooks, manuals, etc. |
|
| 650 | 2 |
_aChromatography, Thin Layer _xhandbooks. |
|
| 710 | 2 | _aThe International Association of Forensic Toxicologists. | |
| 942 |
_2ddc _cBK |
||